000 00569nam a2200217Ia 4500
005 20241129120237.0
008 241129s9999||||xx |||||||||||||| ||und||
020 _a9788173046834
037 _aTB
040 _aSDCL
_beng
_cSDCL
041 _aeng
_2eng
084 _aV:(G:55), R4
_qSDCL
100 _aChakarabarti Ranjan Ed.
_9729513
245 0 _aSituating environmental history
260 _aNew Delhi
_bManohar
_c2024
300 _a410p.
365 _aINR
_b995
650 _aReference
942 _cTB
_hV:(G:55), R4
999 _c1233977
_d1233977